| 000 | 00477nam a22001937a 4500 | ||
|---|---|---|---|
| 005 | 20250318153649.0 | ||
| 008 | 250318b |||||||| |||| 00| 0 eng d | ||
| 020 |
_a9788193043769 _c596.00 |
||
| 040 | _aMAIN | ||
| 041 | _aEnglish | ||
| 082 |
_a572.51 _bAJA |
||
| 100 |
_aAjai, Kumar _925369 |
||
| 245 | _aOrganometallic And Bioinorganic Chemistry | ||
| 250 | _a5th | ||
| 260 |
_aUttar Pradesh _bAaryush _c2024 |
||
| 300 | _aV.P. | ||
| 650 | _aChemistry | ||
| 942 | _cBK | ||
| 999 |
_c59492 _d59492 |
||